000 02652nam0a2200409 4500
001 RU\NLR\bibl\1043432
005 20260406083324.0
010 _a5-94812-032-5
_bВ пер.
_9500
021 _aRU
_b2006-83956
_94249
035 _a(nilc)RSL-KNO-003013973
035 _a(NLR Aleph) 001030817
090 _a757425
_c757425
100 _a20061219d2006 |||y0rusy50 ca
101 0 _arus
102 _aRU
105 _aa |||||||||
200 1 _aСистемы управления и обработки информации
_eвводный курс
_eучебное пособие для студентов вузов, обучающихся по специальности 220201 "Управление и информатика в технических системах"
_fВ. Л. Бурковский, Е.М. Васильев, А.В. Юршин, Ю.С. Жоглик
_gМ-во образования и науки Российской Федерации, Воронежский гос. технический ун-т, Невинномысский ин-т экономики, упр. и права
210 _aВоронеж
_aНевинномысск
_cНИЭУП
_d2006
_eНевинномысск
_gНИЭУП
215 _a113 с.
_cил., табл.
_d21
320 _aБиблиогр.: с. 112
606 1 _aАвтоматизированные информационно-управляющие системы
_jУчебные издания для высших учебных заведений
_92104513
_3RU\NLR\auth\661272416
610 0 _aОргтехника -- Автоматизированные системы управления. Информационно-управляющие системы -- Учебник для высшей школы
686 _aЗ986я73-1
_2rubbk
686 _aЗ986-015я73-1
701 1 _4070
_8rus
_7ca
_aБурковский
_bВ. Л.
_f1950-
_gВиктор Леонидович
_3RU\NLR\auth\7749707
_932642
701 1 _4070
_7ca
_8rus
_aВасильев
_bЕ. М.
_cканд. техн. наук, матем. моделирование сложных систем
_f1949-
_gЕвгений Михайлович
_3RU\NLR\AUTH\7749708
_932643
701 1 _4070
_8rus
_7ca
_aЮршин
_bА. В.
_f1958-
_gАлександр Вячеславович
_3RU\NLR\auth\7749710
_932645
701 1 _4070
_8rus
_7ca
_aЖоглик
_bЮ. С.
_gЮрий Сергеевич
_3RU\NLR\auth\7749712
_932647
801 0 _aRU
_bРКП
_c20061219
_grcr
801 1 _aRU
_bРГБ
_c20061219
801 2 _aRU
_bNLR
_c20070209
_grcr
830 _aпо кн
942 _cBOOK
980 _aNB
980 _aNBR